|
|
|
|
| LEADER |
00956nam a2200277 a 4500 |
| 001 |
506 |
| 003 |
BD-DhAAL |
| 005 |
20150430100531.0 |
| 008 |
150430s1994 nyua b 001 0 eng |
| 010 |
|
|
|a 93014507
|
| 020 |
|
|
|a 0070207976
|c $28.95
|
| 040 |
|
|
|a DLC
|b eng
|c DLC
|d DLC
|d LC
|d BD-DhAAL
|
| 050 |
0 |
0 |
|a HC79.E5
|b F47 1994
|
| 082 |
0 |
0 |
|a 333.7
|2 20
|
| 082 |
0 |
0 |
|a 658.4/08
|2 20
|
| 100 |
1 |
|
|a Field, Barry C.
|9 10862
|
| 245 |
1 |
0 |
|a Environmental economics :
|b an introduction /
|c Barry C. Field.
|
| 260 |
|
|
|a New York :
|b McGraw-Hill,
|c c1994.
|
| 300 |
|
|
|a xiv, 482 p. :
|b ill. ;
|c 24 cm.
|
| 504 |
|
|
|a Includes bibliographical references and indexes.
|
| 541 |
|
|
|e 506
|
| 650 |
|
0 |
|a Environmental economics.
|9 10863
|
| 650 |
|
0 |
|a Economic development
|x Environmental aspects.
|9 8833
|
| 942 |
|
|
|2 ddc
|c BK
|
| 999 |
|
|
|c 34350
|d 34350
|
| 952 |
|
|
|0 0
|1 0
|2 ddc
|4 0
|6 333_700000000000000_FIE
|7 0
|9 53636
|a SCL
|b SCL
|c GEN
|d 2015-04-30
|l 0
|o 333.7 FIE
|p 3020000506
|r 2015-04-30
|t 1
|w 2015-04-30
|y BK
|